Семиотика на детските болести (Запис номер 207494)
[ съкратено ]
| 000 -Лидер | |
|---|---|
| Контролно поле с фиксирана дължина | 02511nam a2200421 c 4500 |
| 003 - Код на организацията, давaща контролен номер | |
| Контролно поле | BLK |
| 005 - Дата и час на последна редакция | |
| Контролно поле | 20180422120847.0 |
| 008 - Елементи от данни с фиксирана дължина | |
| fixed length control field | 180411b bul|||||r ||||||| ||bul|| |
| 010 ## - Наследен системен номер | |
| LC control number | KNG00217256000 |
| 040 ## - Източник на каталожния запис | |
| Идентификатор на билиотеката - собственик на записа | BLK |
| 041 ## - Код за език | |
| Код за езика на текст/звукозапис или на отделно заглавие | Български |
| Код за езика КДБФ | Български |
| 080 ## - УДК | |
| Текстов определител УДК | Педиатрия. Детски болести. Вж и 613.22 ; 613.95 |
| УДК код - определител по УДК | 616-053.2 |
| УДК определител | |
| УДК - код + определител | 616-053.2 |
| 100 1# - Редна дума - Автор | |
| Автор | Атанасов, Васил Симеонов |
| Авторска отговорност | първи автор |
| R(LIN) | 384755 |
| 139 ## - Редно поле | |
| Редна дума | Семиотика на детските болести |
| Авторски знак | Сем - С 32 |
| 245 10 - Сведения за заглавието | |
| Заглавие | Семиотика на детските болести |
| Редно поле (дума) | Васил Симеонов Атанасов; * Борис Господинов Бойкинов; * Вълкан Вълчев Вълканов; * Евгений Драганов Генев; * Иван Стефанов Дюкмеджиев; * Богдан Петров Кръстев; съавт. Елена Кирилова Михайлова; съавт. Христо Нинов Михов. |
| 250 ## - Област на изданието | |
| Сведения за изданието | 2. доп. изд. |
| 257 ## - Страна на издаване | |
| Страна на създаване/издаване | България |
| 260 ## - Област на издателските данни | |
| -- | София |
| Име на издателя, разпространителя и проч. | Медицина и физкултура |
| Година на издаване | 1989 |
| Печатница | (Пловдив : Д. Благоев) |
| 300 ## - Физическа характеристика | |
| Страници | 391 с. |
| Илюстрации и др. | с ил. |
| Размери/Мащаб | 22 см |
| 380 ## - Жанр | |
| Жанр | Медицина |
| 500 ## - Общи забележки | |
| Забележка | Други авт. : Б. Г. Бойкинов, В. В. Вълканов, Е. Др. Генев, Ив. Ст. Дюкмеджиев, Б. К. Кръстев, Е. К. Михайлова, Хр. Н. Михов, Н. Хр. Мумджиев, Иш. С. Ниньо, Ст. Н. Поборникова, Вл. П. Спасов, отбелязани на с. 5. 1. изд. 1984 4 806 тир. - Рез. на рус., англ. ; Азб. указ. на симптомите. |
| 650 #4 - Допълнително описание по предмет – тема | |
| Основно описание – тема или топоним | Детски болести - диагностика |
| 9 (RLIN) | 246016 |
| 653 ## - Ключова дума – ненормативна | |
| Ключова дума | семиотика |
| 653 ## - Ключова дума – ненормативна | |
| Ключова дума | детски болести |
| 653 ## - Ключова дума – ненормативна | |
| Ключова дума | педиатрия |
| 700 1# - Други автори (авторска отговорност) | |
| Лично име | Бойкинов, Борис Господинов |
| Автороска отговорност (Описва отношението между автора и произведението) | * |
| 9 (RLIN) | 364573 |
| 700 1# - Други автори (авторска отговорност) | |
| Лично име | Вълканов, Вълкан Вълчев |
| Автороска отговорност (Описва отношението между автора и произведението) | * |
| 9 (RLIN) | 386821 |
| 700 1# - Други автори (авторска отговорност) | |
| Лично име | Генев, Евгений Драганов |
| Автороска отговорност (Описва отношението между автора и произведението) | * |
| 9 (RLIN) | 371415 |
| 700 1# - Други автори (авторска отговорност) | |
| Лично име | Дюкмеджиев, Иван Стефанов |
| Автороска отговорност (Описва отношението между автора и произведението) | * |
| 9 (RLIN) | 386822 |
| 700 1# - Други автори (авторска отговорност) | |
| Лично име | Кръстев, Богдан Петров |
| Автороска отговорност (Описва отношението между автора и произведението) | * |
| 9 (RLIN) | 386823 |
| 700 1# - Други автори (авторска отговорност) | |
| Лично име | Михайлова, Елена Кирилова |
| Автороска отговорност (Описва отношението между автора и произведението) | съавт. |
| 9 (RLIN) | 365417 |
| 700 1# - Други автори (авторска отговорност) | |
| Лично име | Михов, Христо Нинов |
| Автороска отговорност (Описва отношението между автора и произведението) | съавт. |
| 9 (RLIN) | 363847 |
| 852 ## - Местоположение | |
| Форматна сигнатура | Цб 157038 |
| 856 4# - Електронен адрес и достъп | |
| Електронен формат | pdf - файл |
| Път до файла /url/ | |
| 856 4# - Електронен адрес и достъп | |
| Електронен формат | pdf - файл |
| Път до файла /url/ | |
| 942 ## - АРТИКУЛИ | |
| Вид на библиотечния материал | Книги |
| Скрит в OPAC | Не |
| 944 ## - СЪЗДАВАНЕ И РЕДАКЦИЯ на ЗАПИСА | |
| Създаване/Редакция | Създаване |
| Дата на регистрацията/редакция | 13.03.2018 |
| Служител, извършил регистрацията/редакцията | Ирена_Линкова |
| 944 ## - СЪЗДАВАНЕ И РЕДАКЦИЯ на ЗАПИСА | |
| Създаване/Редакция | Редакция |
| Дата на регистрацията/редакция | 13.03.2018 |
| Служител, извършил регистрацията/редакцията | Ирена_Линкова |
| 999 ## - СИСТЕМНИ КОНТРОЛНИ НОМЕРА | |
| Koha biblionumber | 207494 |
| Koha biblioitemnumber | 207494 |
| Код за отписване | Код за изгубен артикул | Източник на класификационната схема | Код за повреда | Коз за рестрикции | Код за отдаване | Артикулен № | Име на библиотеката - собственик | Име на библиотеката, в която се намира в момента | Статус (Текущо местоположение) | Дата на вписване в системата | Местоположение - отдел | Цена в лева | Инвентарен номер | Систематично азбучна сигнатура | Баркод | Номер на екземпляра | Цена в евро | Служебна бележка | Служебен тип на артикула |
|---|---|---|---|---|---|---|---|---|---|---|---|---|---|---|---|---|---|---|---|
| Не е изгубен | Universal Decimal Classification | Повреден | без рестрикции | ползва се в читалня | 358257 | Регионална библиотека "Любен Каравелов" Русе | Регионална библиотека "Любен Каравелов" Русе | Хранилище | 1989-01-01 | Хранилище | 3.88 | 515049 | Цб 157038 | 120000515049 | 1 | 1.98 | Дост: Dp Вид: Д N: сф Дата: 01.01.1989 | Книги | |
| Изтеглен | Не е изгубен | Не е повреден | без рестрикции | заемане за дома | 358258 | Регионална библиотека "Любен Каравелов" Русе | Регионална библиотека "Любен Каравелов" Русе | Заемна - подръчен фонд | 1989-01-01 | Заемна - подръчен фонд | 3.88 | 516295 | П 616-053.2/С 32 | 516295 | 2 | 1.98 | Дост: Pk Вид: Ф N: сф Дата: 01.01.1989 Дата инв: 14.03.2018 Бележки инв: П2018 | Книги |